[Event "Minsk op"]
[Site "Minsk"]
[Date "2023.11.03"]
[Round "1"]
[White "Sauchyk, Andrei"]
[Black "Hvozdz, Aliaksandr"]
[Result "0-1"]
[WhiteElo "1179"]
[BlackElo "1863"]
[PlyCount "70"]
[EventDate "2023.11.03"]
[EventType "swiss"]
[EventRounds "9"]
[EventCountry "BLR"]
[SourceTitle "CB46_2023"]
[SourceDate "2023.11.15"]
[SourceVersion "1"]
[SourceVersionDate "2023.11.15"]
[SourceQuality "1"]

1. g3 Nf6 2. Nf3 b6 3. Bg2 Bb7 4. 0-0 c5 5. c4 e6 6. d3 Be7 7. Nc3 0-0 8. Bf4 Nc6 9. Ne5 Qc8 10. Qa4 Nxe5 11. Bxe5 Bxg2 12. Kxg2 d6 13. Bf4 Qb7+ 14. Kg1 d5 15. cxd5 Nxd5 16. Nxd5 exd5 17. Rac1 Rfe8 18. Rfe1 Bf6 19. Qc2 d4 20. Qd2 Qd5 21. e4 dxe3 22. Rxe3 Qxa2 23. Rxe8+ Rxe8 24. Rc2 Bd4 25. b4 Qb1+ 26. Rc1 Qxb4 27. Qa2 Qb2 28. Rc2 Qxa2 29. Rxa2 a5 30. Bc7 Re6 31. Kf1 g5 32. Ra3 g4 33. Rb3 a4 34. Rb1 a3 35. Bxb6 a2 0-1